000 00573nam a2200193Ia 4500
003 LDD
008 181029s9999 xx 000 0 und d
020 _a9780415401838
_cP 19.99
040 _cLDD
100 _aBurnell, Peter
245 0 _aGlobalising democracy
_bparty politics in emerging democracies
_cPeter Burnell
260 _aLondon
_bRoutledge
_c2006
300 _axii, 226p.
365 _bP 19.99
901 _a3993
_b04-12-2007
902 _a3660
_b18-12-2007
_cF
_dSELECT
_e32
903 _aDiscount-15
_bReqst by : Anurag Joshi
942 _2ddc
_cBK
999 _c79317
_d79317